Description of dynamics of the Tuzla landslide and its implications for further landslides in the northern slope and shelf of the Cinarcik Basin

Podrobná bibliografia
Hlavní autori: Gokceoglu, Candan (Author), Tunusluoglu, M.C (Author), Gorum, T. (Author), Tur, H. (Author), Gokasan, E. (Author), Tekkeli, A.B (Author), Batuk, F. (Author), Alp, H. (Author)
Médium: Článok
Jazyk:English
Témy:
Zdroj: 1. Engineering geology 1. Roč. 106, č. 3-4 (jún 2009), s. 133-153 1. 0013-7952
LEADER 01316nab#a2200433#ar4500
001 000097513
003 SVKKK
005 20090929100415.0
008 080509c2009 xo |||||||||||||||b|eng
FMT
015 |a SNBRB2009/09 
038 |a SVKKK 
040 |a SVKKK  |b slo  |e AACR2 
041 0 |a eng  |b eng 
044 |a ne  |c NL 
080 |a 551.214(262.53)  |2 1997 
242 1 0 |a Opis dynamiky zosunu v Tuzle a jeho dôsledky na ďalšie zosuny severného svahu a šelfu panvy Cinarik 
245 1 0 |a Description of dynamics of the Tuzla landslide and its implications for further landslides in the northern slope and shelf of the Cinarcik Basin  |c C. Gokceoglu ... [et al.] 
300 |b Obr., tab. 
504 |a Bibliogr. odkazy 
546 |a Res. angl. 
650 0 4 |a podmorské zosuny  |x zemetrasenia  |z Marmarské more (Turecko) 
700 1 |a Gokceoglu, Candan  |4 aut 
700 1 |a Tunusluoglu, M.C.  |4 aut 
700 1 |a Gorum, T.  |4 aut 
700 1 |a Tur, H.  |4 aut 
700 1 |a Gokasan, E.  |4 aut 
700 1 |a Tekkeli, A.B.  |4 aut 
700 1 |a Batuk, F.  |4 aut 
700 1 |a Alp, H.  |4 aut 
773 0 |t Engineering geology  |g Roč. 106, č. 3-4 (jún 2009), s. 133-153  |x 0013-7952 
958 |a NB 
958 |a TR 
974 |a Ni 
992 |a RBX 
BAS
852 |a SVKKK  |b BIB 
EXP
998 |a GEO